Über klinische Untersuchungen von Typhusbacillenträgern

Elmentve itt :
Bibliográfiai részletek
Szerző: Engel Rudolf
Dokumentumtípus: Könyv része
Megjelent: 1935
Sorozat:Közlemények a szegedi kir. magy. Ferencz József-Tudományegyetem belgyógyászati klinikájáról
Közlemények a szegedi kir. magy. Ferencz József-Tudományegyetem belgyógyászati klinikájáról 1934-1935
Kulcsszavak:Tífusz, Fertőző betegségek
Tárgyszavak:
Online Access:http://acta.bibl.u-szeged.hu/54117
LEADER 00879naa a2200205 i 4500
001 acta54117
005 20220107081112.0
008 180611s1935 hu o 0|| ger d
040 |a SZTE Egyetemi Kiadványok Repozitórium  |b hun 
041 |a ger 
100 1 |a Engel Rudolf 
245 1 0 |a Über klinische Untersuchungen von Typhusbacillenträgern  |h [elektronikus dokumentum] /  |c  Engel Rudolf 
260 |c 1935 
300 |a 109-113 
490 0 |a Közlemények a szegedi kir. magy. Ferencz József-Tudományegyetem belgyógyászati klinikájáról 
490 0 |a Közlemények a szegedi kir. magy. Ferencz József-Tudományegyetem belgyógyászati klinikájáról 1934-1935 
650 4 |a Orvos- és egészségtudomány 
650 4 |a Klinikai orvostan 
695 |a Tífusz, Fertőző betegségek 
856 4 0 |u http://acta.bibl.u-szeged.hu/54117/1/kozl_belgy_34_35_109-113.pdf  |z Dokumentum-elérés